| 000 | 00336nam a22001337a 4500 | ||
|---|---|---|---|
| 008 | 171019b xxu||||| |||| 00| 0 eng d | ||
| 020 | _a9780024216915 | ||
| 041 | _aeng | ||
| 080 |
_23RD _a338 |
||
| 100 | _a53 | ||
| 101 | _aMEN | ||
| 245 |
_aDECISION SUPPORT AND EXPEERT SYSTEMS MANAGEMENT SUPPORT SYSTEMS _cTURBAN,E |
||
| 942 |
_2udc _cBK |
||
| 999 |
_c34961 _d34961 |
||